| 000 | 00512nam a2200169 a 4500 | ||
|---|---|---|---|
| 005 | 20260421154605.0 | ||
| 008 | 260407s2026##################000#0#eng## | ||
| 020 | _a9780406850362 | ||
| 082 | 0 | 4 | _a348.42 ALL.1 |
| 100 | _aBridgman,G.F.L | ||
| 245 | 1 | 0 |
_aTHE All England Law Reports Reprint: Revised and Annotated; 1914 - 1915 _c/G.F.L Bridgman |
| 250 | _a1st ed. | ||
| 260 |
_aLondon: _bLondon Butterworth, _c1948. |
||
| 300 |
_axxxiv,956p. _c;23cm. |
||
| 650 | _aLaws, regulations & cases | ||
| 942 | _cENGLISH | ||
| 999 |
_c618994 _d618994 |
||